[Event "4NCL 2012-13"]
[Site "Hinckley ENG"]
[Date "2013.05.06"]
[Round "11.161"]
[White "Sowray, Peter J"]
[Black "Cobb, James"]
[Result "0-1"]
[WhiteTitle "FM"]
[BlackTitle "IM"]
[WhiteElo "2362"]
[BlackElo "2423"]
[WhiteTeam "e2e4.org.uk"]
[BlackTeam "South Wales Dragons"]
[WhiteFideId "400971"]
[BlackFideId "1800949"]
[EventDate "2012.11.03"]

1. d4 Nf6 2. c4 e6 3. Nc3 Bb4 4. e3 O-O 5. Ne2 d5 6. a3 Be7 7. cxd5 exd5 8. Nf4
c6 9. Bd3 a5 10. O-O Na6 11. Bc2 Nc7 12. f3 c5 13. Qe1 Ne6 14. Nxe6 Bxe6 15. Qf2
Rc8 16. Bd2 Ne8 17. Rac1 cxd4 18. exd4 Bh4 19. g3 Bf6 20. Bf4 Nd6 21. Be5 Nc4
22. Bxf6 Qxf6 23. Bb3 Rfd8 24. Rfe1 h5 25. Bxc4 Rxc4 26. Re5 b5 27. Rce1 b4 28.
axb4 axb4 29. Nd1 Rdc8 30. Ne3 Rxd4 31. Ng2 Rdc4 32. Nf4 Rc1 33. Re2 h4 34. Qf1
Qd4+ 35. Kg2 R1c2 36. b3 Qb2 37. gxh4 Qxb3 38. Kg3 Rxe2 39. Qxe2 d4 40. Qe5 Rc6
41. Nh5 Kf8 42. Qxg7+ Ke7 43. Qf6+ Kd7 44. Qxd4+ Kc8 45. Ra1 Bd5 46. Ra8+ Kc7
47. Qf4+ Kb6 48. Qd4+ Rc5 49. Qf6+ Bc6 50. Qd8+ Kb5 51. Qb8+ Kc4 52. Qf4+ Kc3
53. Rd8 Kb2 54. Rd2+ Ka3 55. Qf6 Qxf3+ 56. Qxf3+ Bxf3 57. Nf4 Be4 58. Ne2 b3 59.
Kf4 Bh7 60. Rd7 b2 61. Rxf7 Bd3 0-1

[Event "4NCL 2012-13"]
[Site "Hinckley ENG"]
[Date "2013.05.06"]
[Round "11.163"]
[White "Jackson, James P"]
[Black "Zeidler, Sven P."]
[Result "1/2-1/2"]
[BlackTitle "FM"]
[WhiteElo "2221"]
[BlackElo "2281"]
[WhiteTeam "e2e4.org.uk"]
[BlackTeam "South Wales Dragons"]
[WhiteFideId "416860"]
[BlackFideId "1800604"]
[EventDate "2012.11.03"]

1. d4 f5 2. Bg5 c6 3. Nd2 Qb6 4. Nb3 a5 5. e3 a4 6. Nd2 d5 7. Bd3 Na6 8. Ne2 g6
9. O-O Nh6 10. Bf4 Nf7 11. c4 Nb4 12. c5 Qa5 13. Nf3 Bg7 14. Nc1 O-O 15. a3 Na6
16. Bxa6 Qxa6 17. Nd3 Nd8 18. Be5 Bh6 19. Bf4 Bg7 20. Bg5 Re8 21. h4 Ne6 22. Bf4
Qb5 23. Re1 b6 24. cxb6 Nxf4 25. exf4 Qxb6 26. Nde5 e6 27. h5 gxh5 28. Ng5 Re7
29. Qxh5 Bxe5 30. Rxe5 Qxd4 31. g3 Rb8 32. Nf3 Qc5 33. Re2 Bd7 34. Rae1 Rb3 35.
Qg5+ Rg7 36. Qd8+ Qf8 37. Qxf8+ Kxf8 38. Nd4 Rb6 39. Nxe6+ Bxe6 40. Rxe6 Rc7 41.
R1e2 Kg7 42. Rc2 Kf7 43. Rh6 Ke8 44. Rf6 Ke7 45. Rxf5 Rcb7 46. Re5+ Kd6 47. Ree2
c5 48. Kf1 c4 49. Ke1 Kc5 50. Kd1 h5 51. Kc1 h4 52. Re5 Rh7 53. Rd2 Rd6 54. Rd1
Rg7 55. Rg1 Rdg6 56. Rd1 Rd6 57. Rg1 Kc6 58. Rh5 Re6 59. Rxh4 Re2 60. Rh6+ Kc5
61. Rd1 Rxf2 62. Rh5 Rd7 63. Rf5 Rf3 64. g4 c3 65. Rf8 cxb2+ 66. Kxb2 Rb7+ 67.
Ka2 Rf2+ 68. Ka1 Rb3 69. Rc8+ Kd6 70. Rd8+ Ke7 71. R8xd5 Rxa3+ 72. Kb1 Rb3+ 73.
Ka1 Rxf4 74. Re1+ Kf6 75. Rf5+ 1/2-1/2

[Event "4NCL 2012-13"]
[Site "Hinckley ENG"]
[Date "2013.05.06"]
[Round "11.164"]
[White "Redmond, John P."]
[Black "Byron, Alan M"]
[Result "0-1"]
[WhiteElo "2236"]
[BlackElo "2167"]
[WhiteTeam "South Wales Dragons"]
[BlackTeam "e2e4.org.uk"]
[WhiteFideId "2500051"]
[BlackFideId "401773"]
[EventDate "2012.11.03"]

1. Nf3 d6 2. d4 Nf6 3. c4 g6 4. Nc3 Bg7 5. e4 O-O 6. Be2 e5 7. O-O Nc6 8. d5 Ne7
9. Ne1 Nd7 10. f3 f5 11. Be3 f4 12. Bf2 g5 13. a4 Rf6 14. Nd3 Rg6 15. c5 a6 16.
cxd6 cxd6 17. a5 h5 18. h3 Nf6 19. Bb6 Qf8 20. Nf2 Bd7 21. Rc1 Rc8 22. b4 Bh6
23. Rc2 Qg7 24. b5 g4 25. fxg4 hxg4 26. Nxg4 Nxg4 27. Bxg4 Bxg4 28. hxg4 Rxg4
29. bxa6 bxa6 30. Nb1 Rf8 31. Qe2 Rf6 32. Bd8 Rfg6 33. Bxe7 Qxe7 34. Qxa6 Bf8
35. Rff2 Rh6 36. Nd2 Qh4 37. Kf1 Qh1+ 38. Ke2 Rxg2 39. Nf3 Rxf2+ 40. Kxf2 Rh2+
41. Nxh2 Qxh2+ 42. Kf3 Qxc2 43. Qb5 Qc3+ 44. Kg4 Qg3+ 45. Kf5 Qh3+ 46. Kf6 Qh4+
47. Kf5 Qh5+ 48. Kf6 Qh6+ 49. Kf5 Qh5+ 50. Kf6 Qf7+ 51. Kg5 f3 52. a6 f2 53. Qf1
Qg7+ 0-1

[Event "4NCL 2012-13"]
[Site "Hinckley ENG"]
[Date "2013.05.06"]
[Round "11.165"]
[White "Josse, Mark"]
[Black "Jameson, David"]
[Result "1-0"]
[WhiteElo "2147"]
[BlackElo "2143"]
[WhiteTeam "e2e4.org.uk"]
[BlackTeam "South Wales Dragons"]
[WhiteFideId "414476"]
[BlackFideId "1801538"]
[EventDate "2012.11.03"]

1. e4 e5 2. Nf3 Nc6 3. d4 exd4 4. Nxd4 Nf6 5. Nxc6 bxc6 6. e5 Qe7 7. Qe2 Nd5 8.
c4 Ba6 9. b3 Qh4 10. a3 Bc5 11. g3 Bxf2+ 12. Qxf2 Qe4+ 13. Kd1 Qxh1 14. Nd2 O-O
15. Kc2 f5 16. Bb2 f4 17. cxd5 fxg3 18. Bxa6 Qxa1 19. Qxg3 Qh1 20. e6 1-0

[Event "4NCL 2012-13"]
[Site "Hinckley ENG"]
[Date "2013.05.06"]
[Round "11.166"]
[White "Morris, Charles F"]
[Black "Barnes, Michael H"]
[Result "0-1"]
[BlackTitle "FM"]
[WhiteElo "2155"]
[BlackElo "2195"]
[WhiteTeam "South Wales Dragons"]
[BlackTeam "e2e4.org.uk"]
[WhiteFideId "1800140"]
[BlackFideId "404128"]
[EventDate "2012.11.03"]

1. c4 g6 2. g3 Bg7 3. Bg2 c5 4. Nc3 Nc6 5. Nf3 e5 6. d3 Nge7 7. Bg5 h6 8. Be3 d6
9. Qc1 Be6 10. O-O Qd7 11. Rb1 Bh3 12. a3 Bxg2 13. Kxg2 b6 14. b4 Rc8 15. Bd2
Nd4 16. Ng1 cxb4 17. axb4 d5 18. e3 Ne6 19. Nb5 a6 20. Na3 f5 21. f3 O-O 22. Rb3
e4 23. fxe4 fxe4 24. Rxf8+ Rxf8 25. d4 Ng5 26. c5 Nf5 27. Rb1 Nh4+ 28. Kh1 Nhf3
29. Bc3 Nxg1 30. Qxg1 Nh3 31. Qe1 Qg4 32. Rb2 Qf3+ 33. Rg2 Qf1+ 0-1

[Event "4NCL 2012-13"]
[Site "Hinckley ENG"]
[Date "2013.05.06"]
[Round "11.167"]
[White "Mansson, James C"]
[Black "James, David"]
[Result "0-1"]
[BlackTitle "FM"]
[WhiteElo "2123"]
[BlackElo "2147"]
[WhiteTeam "e2e4.org.uk"]
[BlackTeam "South Wales Dragons"]
[WhiteFideId "407100"]
[BlackFideId "1800272"]
[EventDate "2012.11.03"]

1. d4 Nf6 2. c4 e6 3. Nc3 Bb4 4. e3 O-O 5. Ne2 d5 6. a3 Be7 7. cxd5 exd5 8. Nf4
c6 9. Bd3 a5 10. O-O Na6 11. Bc2 Nc7 12. h3 Re8 13. Rb1 Bd6 14. Qf3 Ne6 15. Nxe6
Bxe6 16. b4 axb4 17. axb4 Bc7 18. Qd1 Qd7 19. f4 Bf5 20. Bxf5 Qxf5 21. g4 Qd7
22. Qf3 b5 23. Bd2 Bd6 24. g5 Ne4 25. Nxe4 Rxe4 26. Ra1 Ree8 27. f5 Bc7 28. Rxa8
Rxa8 29. e4 dxe4 30. Qxe4 Re8 31. Qd3 Qd5 32. Re1 Rxe1+ 33. Bxe1 g6 34. Qe3 Qxf5
35. Qe8+ Kg7 36. Qxc6 Qxg5+ 37. Kf1 Qf6+ 38. Qxf6+ Kxf6 39. d5 Bd6 40. Bc3+ Kf5 0-1

[Event "4NCL 2012-13"]
[Site "Hinckley ENG"]
[Date "2013.05.06"]
[Round "11.168"]
[White "Lochte, Szilvia"]
[Black "Norinkeviciute, Rasa"]
[Result "0-1"]
[BlackTitle "WFM"]
[WhiteElo "1923"]
[BlackElo "2010"]
[WhiteTeam "South Wales Dragons"]
[BlackTeam "e2e4.org.uk"]
[WhiteFideId "708410"]
[BlackFideId "12801925"]
[EventDate "2012.11.03"]

1. d4 Nf6 2. Nf3 e6 3. Nc3 Bb4 4. Qd3 b6 5. a3 Ba6 6. Qd1 Bxc3+ 7. bxc3 Ne4 8.
Bb2 d5 9. g3 Nc6 10. Nd2 Nd6 11. Bg2 f5 12. O-O Na5 13. Re1 O-O 14. a4 Ndc4 15.
Nxc4 Nxc4 16. Bc1 Qd7 17. e3 Bb7 18. Qe2 Bc6 19. e4 Rae8 20. Qd3 a5 21. exf5
exf5 22. Rxe8 Rxe8 23. Kf1 b5 24. Bh3 g6 25. Ba3 bxa4 26. Bc5 Bb5 27. Kg1 Nd6
28. Qf3 Ne4 29. Ba3 Ng5 30. Qg2 Re2 31. Rc1 Qe6 32. Qf1 Nxh3+ 33. Qxh3 Re1+ 34.
Kg2 Bf1+ 0-1

[Event "4NCL 2012-13"]
[Site "Hinckley ENG"]
[Date "2013.05.06"]
[Round "11.172"]
[White "Ledger, Andrew J"]
[Black "Chipanga, Takaedza"]
[Result "1-0"]
[WhiteTitle "IM"]
[WhiteElo "2402"]
[BlackElo "2140"]
[WhiteTeam "Blackthorne Russia"]
[BlackTeam "Sambuca Sharks & Sons of Anarchy"]
[WhiteFideId "400610"]
[BlackFideId "11000260"]
[EventDate "2012.11.03"]

1. c4 e6 2. g3 d5 3. Bg2 Nf6 4. Nf3 c5 5. cxd5 Nxd5 6. O-O Nc6 7. Nc3 Nc7 8. b3
Be7 9. Ba3 Rb8 10. Rc1 O-O 11. d4 cxd4 12. Bxe7 Qxe7 13. Nxd4 Nxd4 14. Qxd4 b6
15. Rfd1 e5 16. Qa4 a5 17. Qc6 Bf5 18. Na4 Ne6 19. e3 Qa3 20. Nxb6 Ng5 21. Qa4
Qb2 22. Nc4 Qe2 23. Rd2 Nf3+ 24. Bxf3 Qxf3 25. Nxe5 Qb7 26. Qf4 Bh3 27. Nc6 Rbc8
28. Rdc2 Kh8 29. e4 f5 30. Qh4 Bg4 31. e5 h5 32. h3 Bf3 33. Nd4 Rxc2 1-0

[Event "4NCL 2012-13"]
[Site "Hinckley ENG"]
[Date "2013.05.06"]
[Round "11.173"]
[White "Sreeves, Clement"]
[Black "Hunt, Harriet V"]
[Result "0-1"]
[BlackTitle "IM"]
[WhiteElo "2223"]
[BlackElo "2450"]
[WhiteTeam "Sambuca Sharks & Sons of Anarchy"]
[BlackTeam "Blackthorne Russia"]
[WhiteFideId "2402564"]
[BlackFideId "403512"]
[EventDate "2012.11.03"]

1. e4 c5 2. Nf3 d6 3. d4 cxd4 4. Nxd4 Nf6 5. Nc3 a6 6. Be3 e5 7. Nb3 Be6 8. Qd2
Be7 9. f3 h5 10. O-O-O Nbd7 11. Kb1 Qc7 12. h3 Rc8 13. Bd3 h4 14. f4 b5 15. Rhe1
O-O 16. g4 hxg3 17. Rg1 exf4 18. Bxf4 Ne5 19. Nd4 b4 20. Nce2 Qa5 21. Nxe6 fxe6
22. Nd4 Nh5 23. Bxg3 Nf3 24. Nxf3 Rxf3 25. Be1 Qc5 26. Qg2 Rf7 27. Bd2 Qe5 28.
Bxb4 Rb8 29. c3 a5 30. Ba3 Qxc3 31. b3 Bf6 32. Bb2 Qc5 33. e5 Nf4 34. Qe4 Nxd3
35. exf6 Nxb2 36. Kxb2 Rxf6 37. Rg2 Rc8 38. Kb1 d5 39. Qg4 Rc7 40. Rdg1 Qe3 41.
Qa4 Rcf7 42. Qe8+ Kh7 43. Qb5 Rf4 44. Rg5 Rf1+ 45. Rxf1 Rxf1+ 46. Qxf1 Qxg5 47.
Qa6 Qg1+ 48. Kb2 Qd4+ 49. Kb1 Qd1+ 50. Kb2 Qd2+ 51. Kb1 e5 52. Qe6 Qe1+ 53. Kb2
Qe2+ 54. Ka3 d4 55. Qf5+ g6 56. Qf7+ Kh6 57. Qf8+ Kh5 58. Qh8+ Kg5 59. Qd8+ Kf5
60. Qd7+ Ke4 61. Qc6+ Ke3 62. Qxg6 d3 63. Qh6+ Kf2 64. Qh4+ Kf1 65. Qh6 Ke1 66.
Qh4+ Kd1 67. Qh7 Kc1 68. Qf5 Qb2+ 69. Ka4 Qxa2+ 70. Kb5 Qxb3+ 71. Kxa5 Qc3+ 72.
Ka4 d2 73. Qg5 Kb2 74. Qh5 Qb3+ 75. Ka5 d1=Q 76. Qxe5+ Qc3+ 0-1

[Event "4NCL 2012-13"]
[Site "Hinckley ENG"]
[Date "2013.05.06"]
[Round "11.174"]
[White "Ansell, Simon T"]
[Black "Williams, Samuel G"]
[Result "1/2-1/2"]
[WhiteTitle "IM"]
[WhiteElo "2377"]
[BlackElo "2253"]
[WhiteTeam "Blackthorne Russia"]
[BlackTeam "Sambuca Sharks & Sons of Anarchy"]
[WhiteFideId "402141"]
[BlackFideId "410977"]
[EventDate "2012.11.03"]

1. e4 c5 2. Nf3 Nc6 3. Nc3 Nf6 4. Bb5 Qc7 5. Bxc6 dxc6 6. d3 Bg4 7. h3 Bxf3 8.
Qxf3 g6 9. Bf4 e5 10. Be3 Nd7 11. g4 Bg7 12. Ne2 b6 13. h4 Nf8 14. h5 Ne6 15. c3
O-O-O 16. O-O-O Qe7 17. Qg3 Rd7 18. hxg6 hxg6 19. Rxh8+ Bxh8 20. Kc2 Qd8 1/2-1/2

[Event "4NCL 2012-13"]
[Site "Hinckley ENG"]
[Date "2013.05.06"]
[Round "11.175"]
[White "Varnam, Liam D"]
[Black "Bates, Richard A"]
[Result "1/2-1/2"]
[BlackTitle "IM"]
[WhiteElo "2140"]
[BlackElo "2370"]
[WhiteTeam "Sambuca Sharks & Sons of Anarchy"]
[BlackTeam "Blackthorne Russia"]
[WhiteFideId "410950"]
[BlackFideId "403555"]
[EventDate "2012.11.03"]

1. c4 g6 2. g3 Bg7 3. Bg2 Nf6 4. Nc3 O-O 5. d3 d6 6. Bg5 h6 7. Bd2 e5 8. e4 c6
9. Nge2 a6 10. O-O b5 11. Qc1 Kh7 12. b4 Nbd7 13. a4 bxc4 14. dxc4 Nb6 15. Nd1
d5 16. exd5 cxd5 17. cxd5 Nbxd5 18. Ne3 Bb7 19. Rd1 Qb8 20. Qa3 Nxe3 21. Bxe3
Bxg2 22. Kxg2 Qb7+ 23. Kg1 Qf3 24. Nc3 Qh5 25. Bc5 Rfd8 26. Qb3 e4 27. Qxf7 Ng4
28. h4 Ne5 29. Qc7 Rac8 30. Qb7 Nf3+ 31. Kg2 Nd2 32. Rxd2 Qf3+ 33. Kh2 Rxd2 34.
Qxc8 e3 35. Rf1 Rxf2+ 36. Rxf2 exf2 37. Bxf2 Qxf2+ 38. Kh3 Qf1+ 39. Kh2 Qc1 40.
Qxa6 Qxc3 41. Qb7 Qc2+ 42. Kh3 Qxa4 43. b5 g5 44. hxg5 hxg5 45. Qd5 1/2-1/2

[Event "4NCL 2012-13"]
[Site "Hinckley ENG"]
[Date "2013.05.06"]
[Round "11.177"]
[White "Kafka, Graeme"]
[Black "Ledger, Dave J"]
[Result "0-1"]
[BlackTitle "FM"]
[WhiteElo "2065"]
[BlackElo "2268"]
[WhiteTeam "Sambuca Sharks & Sons of Anarchy"]
[BlackTeam "Blackthorne Russia"]
[WhiteFideId "2401487"]
[BlackFideId "401986"]
[EventDate "2012.11.03"]

1. e4 e5 2. Nf3 Nc6 3. Bb5 Nf6 4. O-O Bc5 5. d3 Nd4 6. Nxd4 Bxd4 7. c3 Bb6 8.
Bg5 h6 9. Bh4 c6 10. Ba4 d6 11. Nd2 Be6 12. Qc2 g5 13. Bg3 h5 14. h4 Nh7 15. Nf3
Bg4 16. Nxg5 Nxg5 17. hxg5 h4 18. Bh2 Qxg5 19. Kh1 h3 20. f3 Be6 21. g3 O-O-O
22. Bb3 Bxb3 23. axb3 f5 24. Rae1 Rdf8 25. Qe2 Qg6 26. f4 exf4 27. exf5 Qxf5 28.
Rxf4 Qd5+ 29. Qe4 Re8 0-1

[Event "4NCL 2012-13"]
[Site "Hinckley ENG"]
[Date "2013.05.06"]
[Round "11.178"]
[White "Eames, Robert S"]
[Black "Kourtseva, Julie"]
[Result "1-0"]
[WhiteTitle "FM"]
[WhiteElo "2263"]
[BlackElo "1756"]
[WhiteTeam "Blackthorne Russia"]
[BlackTeam "Sambuca Sharks & Sons of Anarchy"]
[WhiteFideId "408743"]
[BlackFideId "418749"]
[EventDate "2012.11.03"]

1. d4 d5 2. c4 c6 3. Nf3 Nf6 4. Nc3 e6 5. Bg5 Be7 6. e3 O-O 7. Qc2 b6 8. Bd3 Bb7
9. Bxf6 Bxf6 10. Bxh7+ Kh8 11. h4 Nd7 12. Ng5 e5 13. Bg8 1-0

[Event "4NCL 2012-13"]
[Site "Hinckley ENG"]
[Date "2013.05.06"]
[Round "11.181"]
[White "Holland, James P"]
[Black "Ghasi, Ameet K"]
[Result "0-1"]
[BlackTitle "IM"]
[WhiteElo "2245"]
[BlackElo "2434"]
[WhiteTeam "BCM"]
[BlackTeam "Warwickshire Select"]
[WhiteFideId "416835"]
[BlackFideId "409200"]
[EventDate "2012.11.03"]

1. c4 g6 2. g3 Bg7 3. Bg2 Nf6 4. Nf3 O-O 5. O-O c6 6. b3 d5 7. Bb2 a5 8. Qc2 Bg4
9. d3 Nbd7 10. Nbd2 a4 11. h3 Bxf3 12. Nxf3 axb3 13. axb3 Qb6 14. Bc3 Nh5 15. d4
e6 16. Rfb1 Rfc8 17. e3 Qc7 18. Nd2 Nhf6 19. Qb2 h5 20. Ra4 Nb6 21. Ra5 Nbd7 22.
b4 dxc4 23. Nxc4 Nd5 24. Bd2 b6 25. Rxa8 Rxa8 26. e4 Ne7 27. Bf4 Qa7 28. Bd6 b5
29. Na5 Nb6 30. Rc1 Qd7 31. Bc5 Na4 32. Qc2 Nxc5 33. dxc5 Rd8 34. Nb3 h4 35. Bf3
Qd3 36. Be2 Qxc2 37. Rxc2 hxg3 38. fxg3 Be5 39. Kg2 Ra8 40. Na5 Kg7 41. Kf3 Bc7
42. Rd2 Kf6 43. Rd7 Bxa5 44. bxa5 Ng8 45. Rd6 Rxa5 46. Rxc6 Ke5 47. Rc7 Nf6 48.
Rxf7 Nxe4 49. Rb7 Ra3+ 50. Kg2 Rxg3+ 51. Kh2 Rc3 52. Bxb5 Rc2+ 53. Kg1 Rxc5 54.
Be8 Nd6 55. Rb8 g5 56. Bg6 Rb5 57. Rf8 Rb2 58. Rf3 Nb5 59. Rg3 Kf6 60. Be4 Nd4
61. Rg4 Rb4 62. Kf2 Nb5 63. Kf3 Rb3+ 64. Kg2 Nd6 65. Bh7 Rb2+ 66. Kf3 Nf7 67.
Kg3 Ne5 68. Ra4 Rb3+ 69. Kg2 Nf3 70. Be4 Nh4+ 71. Kh2 Ke5 72. Ba8 Re3 73. Ra5+
Kf4 74. Ra4+ Kf5 75. Bc6 Ng6 76. Ra5+ Re5 77. Ra8 Rc5 78. Bf3 Kf4 79. Bh5 Rc2+
80. Kg1 Ne5 81. Ra3 Rd2 82. Ra4+ Kg3 83. Bg4 Nd3 84. Re4 Nc5 85. Re5 Rd5 86.
Re3+ Kf4 87. Rf3+ Ke4 88. Rf6 Rd3 89. Kg2 Ke5 90. Rf8 Re3 91. Rd8 Ke4 92. Rg8
Kf4 93. Rf8+ Ke5 94. Re8 Kf6 95. Rf8+ Kg7 96. Rc8 Nd3 97. Rc7+ Kf6 0-1

[Event "4NCL 2012-13"]
[Site "Hinckley ENG"]
[Date "2013.05.06"]
[Round "11.182"]
[White "Mason, Donald J"]
[Black "Cooksey, Paul S"]
[Result "1/2-1/2"]
[BlackTitle "FM"]
[WhiteElo "2222"]
[BlackElo "2279"]
[WhiteTeam "Warwickshire Select"]
[BlackTeam "BCM"]
[WhiteFideId "405116"]
[BlackFideId "405051"]
[EventDate "2012.11.03"]

1. d4 d5 2. c4 c6 3. Nf3 Nf6 4. Nc3 dxc4 5. a4 Bf5 6. e3 e6 7. Bxc4 Bb4 8. O-O
Nbd7 9. Qe2 Bg4 10. Rd1 Qa5 11. e4 Qh5 12. h3 Bxf3 13. Qxf3 Qxf3 14. gxf3 a5 15.
Be3 O-O 16. Rac1 1/2-1/2

[Event "4NCL 2012-13"]
[Site "Hinckley ENG"]
[Date "2013.05.06"]
[Round "11.183"]
[White "Wadsworth, Matthew J"]
[Black "Pitcher, John"]
[Result "1/2-1/2"]
[WhiteElo "2055"]
[BlackElo "2226"]
[WhiteTeam "BCM"]
[BlackTeam "Warwickshire Select"]
[WhiteFideId "415804"]
[BlackFideId "411485"]
[EventDate "2012.11.03"]

1. c4 c5 2. g3 Nf6 3. Bg2 e6 4. Nf3 Nc6 5. O-O d5 6. cxd5 exd5 7. d4 cxd4 8.
Nxd4 Be7 9. Nc3 O-O 10. Bg5 Bg4 11. Rc1 h6 12. Nxc6 bxc6 13. Be3 Qd7 14. Qd2 Bh3
15. Rfd1 Bxg2 16. Kxg2 Rfe8 17. Na4 Bd6 18. Qc3 Rac8 19. Nc5 Qf5 20. Qd3 Qh5 21.
Bd4 Bxc5 22. Rxc5 Ne4 23. Rcc1 c5 24. Be3 d4 25. Bxd4 Rcd8 26. Qf3 Qxf3+ 27.
exf3 cxd4 1/2-1/2

[Event "4NCL 2012-13"]
[Site "Hinckley ENG"]
[Date "2013.05.06"]
[Round "11.184"]
[White "Hynes, Anthony M"]
[Black "Thompson, Ian D"]
[Result "1/2-1/2"]
[BlackTitle "FM"]
[WhiteElo "2191"]
[BlackElo "2250"]
[WhiteTeam "Warwickshire Select"]
[BlackTeam "BCM"]
[WhiteFideId "411965"]
[BlackFideId "405205"]
[EventDate "2012.11.03"]

1. e4 e6 2. d4 d5 3. Nd2 Nf6 4. e5 Nfd7 5. Bd3 c5 6. c3 Nc6 7. Ndf3 Qa5 8. Kf1
b6 9. Ne2 Ba6 10. Bxa6 Qxa6 11. Ne1 f6 12. exf6 gxf6 13. g3 O-O-O 14. Kg2 e5 15.
dxe5 Ndxe5 16. f4 Nf7 17. Qd3 Qxd3 1/2-1/2

[Event "4NCL 2012-13"]
[Site "Hinckley ENG"]
[Date "2013.05.06"]
[Round "11.185"]
[White "Coates, Kenneth G"]
[Black "Shephard, Chris C W"]
[Result "1/2-1/2"]
[WhiteElo "2184"]
[BlackElo "2167"]
[WhiteTeam "BCM"]
[BlackTeam "Warwickshire Select"]
[WhiteFideId "409391"]
[BlackFideId "470953"]
[EventDate "2012.11.03"]

1. d4 e6 2. Nf3 f5 3. g3 Nf6 4. Bg2 Be7 5. O-O O-O 6. c4 d6 7. Nc3 Qe8 8. Re1
Qg6 9. e4 fxe4 10. Nxe4 Nxe4 11. Rxe4 Nc6 12. Re1 Bf6 13. Be3 a5 1/2-1/2

[Event "4NCL 2012-13"]
[Site "Hinckley ENG"]
[Date "2013.05.06"]
[Round "11.186"]
[White "Thomas, Nicholas"]
[Black "Tavares, Shawn P"]
[Result "0-1"]
[WhiteTitle "FM"]
[WhiteElo "2283"]
[BlackElo "2168"]
[WhiteTeam "Warwickshire Select"]
[BlackTeam "BCM"]
[WhiteFideId "402117"]
[BlackFideId "7700016"]
[EventDate "2012.11.03"]

1. e4 e6 2. d4 d5 3. Nd2 Nf6 4. e5 Nfd7 5. c3 c5 6. Bd3 Nc6 7. Ndf3 cxd4 8. cxd4
f6 9. exf6 Nxf6 10. Nh3 Bd6 11. O-O Qc7 12. Re1 O-O 13. Nhg5 h6 14. Nxe6 Bxe6
15. Rxe6 Ng4 16. Bc2 Bxh2+ 17. Kf1 Nxf2 18. Kxf2 Qg3+ 19. Kf1 Rxf3+ 20. Qxf3 Rf8
21. Bh7+ Kxh7 22. Qxf8 Qd3+ 23. Re2 Nxd4 24. Qf2 Bg3 25. Qe3 Qd1+ 26. Re1 Bxe1
27. Qxe1 Qd3+ 28. Kf2 Qf5+ 29. Kg1 Nc2 30. Qd1 Nxa1 31. Be3 Nc2 32. Bxa7 Qe4 33.
Bf2 d4 34. Qf3 Qxf3 35. gxf3 d3 36. Kf1 Kg6 37. Bc5 h5 38. a4 Kf5 39. Kf2 Ke5
40. Bf8 g6 41. Bg7+ Kd5 42. Bc3 h4 43. Bd2 Nd4 44. Bg5 Kc4 0-1

[Event "4NCL 2012-13"]
[Site "Hinckley ENG"]
[Date "2013.05.06"]
[Round "11.187"]
[White "Richardson, Keith B"]
[Black "Lam, Paul G M"]
[Result "1-0"]
[WhiteElo "2115"]
[BlackElo "2123"]
[WhiteTeam "BCM"]
[BlackTeam "Warwickshire Select"]
[WhiteFideId "410152"]
[BlackFideId "411566"]
[EventDate "2012.11.03"]

1. c4 e5 2. Nc3 Nc6 3. g3 f5 4. Bg2 Nf6 5. d3 Be7 6. Nf3 d6 7. O-O O-O 8. Nd5
Nxd5 9. cxd5 Nb8 10. e4 Qe8 11. d4 fxe4 12. Nd2 exd4 13. Nxe4 c5 14. b4 b6 15.
Bf4 Qg6 16. Re1 Bg4 17. Qb3 Nd7 18. Nxc5 bxc5 19. Rxe7 d3 20. Re6 Bxe6 21. dxe6
c4 22. Qxc4 Nb6 23. Qb3 Rae8 24. a4 Qxe6 25. Qxd3 Qf6 26. Rd1 Qb2 27. a5 Nc8 28.
Rb1 Qf6 29. b5 Qd8 30. b6 axb6 31. axb6 Nxb6 32. Qb3+ d5 33. Qxb6 Re1+ 34. Bf1
Qe8 35. Qd4 Rf5 36. Kg2 g5 37. Be3 h5 38. Bd3 Rf7 39. Qxd5 h4 40. Qxg5+ 1-0

[Event "4NCL 2012-13"]
[Site "Hinckley ENG"]
[Date "2013.05.06"]
[Round "11.188"]
[White "Roy, Ali"]
[Black "Yurenok, Maria S"]
[Result "1-0"]
[BlackTitle "WFM"]
[WhiteElo "1857"]
[BlackElo "2041"]
[WhiteTeam "Warwickshire Select"]
[BlackTeam "BCM"]
[WhiteFideId "2400456"]
[BlackFideId "409359"]
[EventDate "2012.11.03"]

1. e4 c5 2. Nf3 e6 3. d3 Nc6 4. g3 Nge7 5. Bg2 d5 6. Qe2 b6 7. O-O Bb7 8. Nbd2
d4 9. e5 h5 10. Nc4 Nf5 11. Bg5 Be7 12. h4 b5 13. Bxe7 Qxe7 14. Ncd2 Rd8 15. a4
a6 16. axb5 axb5 17. Nb3 Rc8 18. Na5 Nxa5 19. Rxa5 Bc6 20. Rfa1 O-O 21. Ng5 g6
22. Bxc6 Rxc6 23. Rxb5 Qc7 24. b3 Rb6 25. Rba5 Rfb8 26. Qe4 Kg7 27. Qf4 Rb5 28.
R5a4 Rb4 29. R4a3 Rd8 30. Ra7 Rb7 31. Rxb7 Qxb7 32. Ne4 Rd5 33. Nf6 Rd8 34.
Nxh5+ gxh5 35. Qg5+ Kh7 36. Qxd8 Qf3 37. Qf6 Qg4 38. Qxf7+ Ng7 39. Ra7 Qd1+ 40.
Kg2 Qg4 41. Qxg7+ 1-0